LIBRARY & INFORMATION CENTRE, KCAET, TAVANUR

ONLINE PUBLIC ACCESS CATALOGUE (OPAC)

Kisan Patapusthakam / (Record no. 425)

MARC details
000 -LEADER
fixed length control field 00445cam a2200181ua 4500
041 ## - LANGUAGE CODE
Language code of text/sound track or separate title mal
082 ## - DEWEY DECIMAL CLASSIFICATION NUMBER
Classification number 630.01
Item number ACH/KI
100 ## - MAIN ENTRY--AUTHOR NAME
Personal name Achutha Menon, C .
245 ## - TITLE STATEMENT
Title Kisan Patapusthakam /
250 ## - EDITION STATEMENT
Edition statement Rev /
260 ## - PUBLICATION, DISTRIBUTION, ETC. (IMPRINT)
Place of publication Thrissur :
Name of publisher Books International ,
Year of publication 1960.
300 ## - PHYSICAL DESCRIPTION
Number of Pages 260 ; .
942 ## - ADDED ENTRY ELEMENTS (KOHA)
Koha item type Books
Holdings
Withdrawn status Lost status Damaged status Home library Current library Date acquired Full call number Accession Number Koha item type Public note
Withdrawn     KAUAET Malayalam University 07/04/2012 630.01 8465 Books Transferred to Malayalam University
free website counter